| 000 | 00000nam 2200000zi 4500 |
| 001 | 9.925436 |
| 003 | CaOODSP |
| 005 | 20241129130325 |
| 006 | m o d f |
| 007 | cr |n||||||||| |
| 008 | 230719n1983 nsca o f|0| 0 eng d |
| 040 | |aCaOODSP|beng|erda|cCaOODSP |
| 043 | |an-cnm |
| 086 | 1 |aEn4-570/1983E-PDF |
| 245 | 04|aThe Atlantic Region toxic chemicals management plan 1983-1987. |
| 264 | 1|a[Dartmouth, Nova Scotia] : |bEnvironment Canada, Atlantic Region = Environnement Canada, Région de l'Atlantique, |c[1983] |
| 300 | |a1 online resource (17 pages) |
| 336 | |atext|btxt|2rdacontent |
| 337 | |acomputer|bc|2rdamedia |
| 338 | |aonline resource|bcr|2rdacarrier |
| 500 | |aDigitized edition from print [produced by Environment and Climate Change Canada]. |
| 650 | 0|aHazardous substances|zAtlantic Provinces|xManagement. |
| 650 | 0|aPollutants|xGovernment policy|zAtlantic Provinces. |
| 650 | 6|aSubstances dangereuses|zProvinces de l'Atlantique|xGestion. |
| 650 | 6|aPolluants|xPolitique gouvernementale|zProvinces de l'Atlantique. |
| 710 | 1 |aCanada.|bEnvironment Canada. |bAtlantic Region, |eissuing body. |
| 856 | 40|qPDF|s12.70 MB|uhttps://publications.gc.ca/collections/collection_2024/eccc/en4/En4-570-1983-eng.pdf |